Site organisation (Record no. 113022)

MARC details
000 -LEADER
fixed length control field 00937cad a22002175a 4500
001 - CONTROL NUMBER
control field L154513
008 - FIXED-LENGTH DATA ELEMENTS--GENERAL INFORMATION
fixed length control field 111218e2011 xxk 000 0 eng d
035 ## - SYSTEM CONTROL NUMBER
System control number (Sirsi) u154513
041 0# - LANGUAGE CODE
Language code of text/sound track or separate title eng
110 2# - MAIN ENTRY--CORPORATE NAME
Corporate name or jurisdiction name as entry element Great Britain
Subordinate unit Health and Safety Executive
245 00 - TITLE STATEMENT
Title Site organisation
Remainder of title everything you need to know about organising a safe and healthy construction site
Medium [electronic resource]
260 ## - PUBLICATION, DISTRIBUTION, ETC.
Place of publication, distribution, etc. [S.l.]
Name of publisher, distributor, etc. HSE
Date of publication, distribution, etc. 2011
520 ## - SUMMARY, ETC.
Summary, etc. Guidance on traffic management, protecting the public including children, materials storage and waste management, welfare, and administration; directs you to further resources.
590 ## - LOCAL NOTE (RLIN)
Local note KA NTK
651 #4 - SUBJECT ADDED ENTRY--GEOGRAPHIC NAME
Geographic name Great Britain
Chronological subdivision 1707-
690 ## - LOCAL SUBJECT ADDED ENTRY--TOPICAL TERM (OCLC, RLIN)
Topical term or geographic name as entry element MANAGEMENT-HEALTH AND SAFETY
690 ## - LOCAL SUBJECT ADDED ENTRY--TOPICAL TERM (OCLC, RLIN)
Topical term or geographic name as entry element SITE SAFETY
690 ## - LOCAL SUBJECT ADDED ENTRY--TOPICAL TERM (OCLC, RLIN)
Topical term or geographic name as entry element WORKPLACE ACCIDENTS
856 40 - ELECTRONIC LOCATION AND ACCESS
Uniform Resource Identifier <a href="https://www.hse.gov.uk/construction/safetytopics/siteorg.htm?eban=rss-#">https://www.hse.gov.uk/construction/safetytopics/siteorg.htm?eban=rss-#</a>
Public note View the web page free of charge at www.hse.gov.uk
942 ## - ADDED ENTRY ELEMENTS (KOHA)
Suppress in OPAC 0
Holdings
Withdrawn status Lost status Source of classification or shelving scheme Damaged status Not for loan Home library Current library Shelving location Date acquired Total Checkouts Full call number Barcode Date last seen Copy number Price effective from Koha item type
    Dewey Decimal Classification     Virtual Virtual Online 17/12/2011   ONLINE PUBLICATION 154513-2001 06/08/2019 1 06/08/2019 Book